Príjem štátneho rozpočtu SR z dane z pridanej hodnoty bakalárska práca

Na minha lista:
Detalhes bibliográficos
Autor principal: Jarecká, Darina
Autor Corporativo: Národohospodárska fakulta EU. Katedra financií
Outros Autores: Kubicová, Jana, 1961-
Formato: Livro
Idioma:eslovaco
Publicado em: Bratislava 2009
Tags: Adicionar Tag
Sem tags, seja o primeiro a adicionar uma tag!

MARC

LEADER 00000nam$a2200000$$$4500
001 0103046
005 20240318141454.9
041 0 |a slo 
044 |a SK 
245 1 0 |a Príjem štátneho rozpočtu SR z dane z pridanej hodnoty  |b bakalárska práca  |c Darina Jarecká ; škol. Jana Kubicová 
264 1 |a Bratislava  |c 2009 
300 |a 38 s. 
100 1 |a Jarecká, Darina 
700 1 |a Kubicová, Jana, 1961- 
710 2 |a Národohospodárska fakulta EU. Katedra financií